00327nam a2200133Ia 4500008004100000020001500041041001200056082001600068100001600084245004500100260002500145300000800170650001500178221030s9999 xx 000 0 und d a8120326725 aEnglish a105.23bBan aB. Banerjee 0aFinancial Policy & Management Accounting bPHIaNew Delhic2005 a830 aManagement